Estatuts : reglament de la Secció Permanent de Propaganda Artística / Associació Artística d'Escultors Decoradors reglament de la Secció Permanent de Propaganda Artística / Associació Artística d'Escultors Decoradors
Descripción Física:
24 p. ; 10 cm
MARC
| LEADER | 00000nam a2200000Ia 4500 | ||
|---|---|---|---|
| 001 | 18629 | ||
| 003 | BGR | ||
| 005 | 20260324180015.0 | ||
| 008 | 160829s9999 xx 000 0 cat d | ||
| 080 | |a 3270, exp. 11 | ||
| 110 | 2 | |a Associació Artística d'Escultors Decoradors |9 70519 | |
| 245 | |a Estatuts : |b reglament de la Secció Permanent de Propaganda Artística / Associació Artística d'Escultors Decoradors | ||
| 260 | |a [Barcelona?] : |b Galve, [191 - ?] | ||
| 300 | |a 24 p. ; |c 10 cm | ||
| 650 | |a Associació Artística d'Escultors Decoradors |x Estatuts |9 43615 | ||
| 901 | |a Arxiu | ||
| 942 | |n 1 |2 udc |c MON | ||
| 952 | |0 0 |1 0 |4 0 |6 3270_EXP_11 |7 1 |9 51537 |a Arxiu |b Arxiu |d 2016-12-01 |l 0 |o 3270, exp. 11 |p 18629 |r 2016-12-01 00:00:00 |w 2016-12-01 |y ARXIU | ||
| 999 | |c 55382 |d 55382 | ||